|
|
|
|
| LEADER |
00000nab a2200000 a 4500 |
| 001 |
vtls009312401 |
| 003 |
SK-MaSNL |
| 005 |
20260304153309.0 |
| 008 |
250506c2008 xo mr|p|||||||000 b|slo |
| 015 |
|
|
|a SNBRB2008/07
|2 snkbucl
|
| 035 |
|
|
|a (uuid)13c1bf66-8394-4038-ab93-3a4265320aa6
|
| 035 |
|
|
|a urn:nbn:sk:snk-ab12s7
|
| 035 |
|
|
|a (urnnbn)urn:nbn:sk:snk:ar-003l1t
|
| 038 |
|
|
|a SNKBUCL
|
| 040 |
|
|
|a SNKBUCL
|b slo
|c SNKBUCL
|e AACR2
|
| 041 |
0 |
|
|a slo
|
| 044 |
|
|
|a xo
|c SK
|
| 080 |
|
|
|a 347.948
|2 2001
|
| 100 |
1 |
|
|a Ševčík, Marián
|4 aut
|9 513000
|
| 245 |
1 |
0 |
|a Využitie noriem a postavenie znalca v procesnom konaní súdov riešiacich náročné technické problémy
|c Marián Ševčík
|
| 504 |
|
|
|a Bibliogr. odkazy
|
| 650 |
0 |
7 |
|a súdni znalci
|2 snkbucl
|9 23925
|
| 650 |
0 |
7 |
|a procesné konanie súdov
|2 snkbucl
|9 1476470
|
| 650 |
0 |
7 |
|a znalecké posudky
|2 snkbucl
|9 3654
|
| 650 |
0 |
7 |
|a znalecké dokazovanie
|2 snkbucl
|9 1115018
|
| 773 |
0 |
|
|t Justičná revue
|g Roč. 60, č. 5 (2008), s. 775-787
|x 1335-6461
|
| 850 |
|
|
|a Slovenská národná knižnica
|
| 852 |
|
|
|a Slovenská národná knižnica
|
| 954 |
|
|
|a odborná, vedecká literatúra pôvodná (slovenská)
|2 lita
|
| 958 |
|
|
|a article27
|
| 958 |
|
|
|a OND
|
| 958 |
|
|
|a SK
|
| 958 |
|
|
|a NB
|
| 958 |
|
|
|a EUIPO
|
| 999 |
|
|
|c 2953160
|d 2955090
|